000 00465nam a2200181Ia 4500
005 20250326144234.0
008 250326s9999 xx 000 0 und d
037 _aTextbook
040 _aFMSL
_beng
_cFMSL
041 _aeng
_2eng
084 _qFMSL
100 _aClay M J
_9749302
245 0 _aPerformance and profitality
_cClay M J; Walley B H
260 _aLondon
_bLondon, Longman
_c1965
300 _a610p
942 _cTB
999 _c1302939
_d1302939